000 00529nam a22001697a 4500
005 20231027125329.0
008 231027b |||||||| |||| 00| 0 eng d
020 _a0409012378
041 _aEnglish
082 _a347.7 BEC
100 _aIsaacs, I
_lEnglish
245 _aBeck's Theory and Principles of Pleading in Civil Actions 1985 Supplement /
_cI Isaacs
260 _aDurban :
_bButterworths,
_c1985
300 _bx, 56 pages
_c24 cm.
650 _aLegal practice
_bLaw
942 _cBK
_6ALISON_BN_VRIES
999 _c119
_d119